Middle Eastern City Skylines - Statistics

General Stats
  • This quiz has been taken 99 times
  • The average score is 8 of 12
Answer Stats
Picture Answer % Correct
Dubai
100%
Mecca
88%
Doha
86%
Riyadh
86%
Abu Dhabi
72%
Cairo
67%
Tel Aviv
67%
Istanbul
63%
Manama
59%
Beirut
58%
Amman
49%
Ankara
23%
No matching quizzes found
Score Distribution
Percent of People with Each Score
Percentile by Number Answered
Your Score History
You have not taken this quiz